Poesia (Record no. 45343)

MARC details
000 -Etiqueta do registo
Valores 00452nam a2200157 4500
100 ## - Dados gerais de processamento
Dados gerais 20251230 pory50
101 ## - Língua de publicação
Língua por
102 ## - País de publicação
País PT
200 ## - Titulo e menção de responsabilidade
Título próprio Poesia
Primeira menção de responsabilidade Afonso Lopes Vieira
Outras menções de responsabilidade org. e fixação do texto José Manuel Quintas , Manuel Vieira da Cruz
-- estudo de José carlos Seabra Pereira
210 ## - Publicação
Local de publicação [S.l.]
Nome do editor E-Primaur
Data de publicação [S.d.]
215 ## - Descrição física 
Paginação / Volumes 715 p.
675 ## - CDU
Notação 821.134.3-1
801 ## - Fonte de origem
País PT
Regras de catalogação RPC
990 ## - Elementos KOHA
Tipo de documento Livro
Holdings
Aquisição Empréstimo Código de barras Cota Permissão de empréstimo Tipo de documento
Biblioteca Municipal de Redondo Biblioteca Municipal de Redondo 056093 821.134.3-1 VIE Consulta presencial Livro

Powered by Koha